000 00636nam a2200205 i 4500
001 142033
003 ES-MaACL
005 20251003200036.0
007 t|
008 071002s1906 xxk ||||1| eng d
100 1 _aWilliams, W. J.
_9116959
245 1 0 _aNewman, Pascal, Loisy and the catholic church /
_cby W. J. Williams.
260 _aLondon :
_bFrancis Griffiths,
_c1906.
300 _a316 p. ;
_c20 cm.
600 0 7 _aJuan Enrique Newman,
_cBeato,
_d1801-1890
_2
_9162508
600 1 4 _aPascal, Blaise,
_d1623-1662
_989307
600 0 4 _aLoisy, Alfred.
_973147
852 _aES-MaACL
_jD-767
999 _c142033
_d142033